Celebrity Mothers Quiz Stats

 Plays Quiz Updated Oct 22, 2018

Score 0/24 Timer 06:00
0 Plays Today
Celebrity Famous Mother % Correct
Kate HudsonGoldie Hawn
87.6%
Rumer WillisDemi Moore
84.7%
Chaz BonoCher
80.6%
Jaden SmithJada Pinkett-Smith
74.7%
Desi Arnaz Jr.Lucille Ball
64.3%
Liza MinnelliJudy Garland
63.9%
Gwyneth PaltrowBlythe Danner
37.2%
Carrie FisherDebbie Reynolds
36.7%
Jamie Lee CurtisJanet Leigh
34.8%
Natasha RichardsonVanessa Redgrave
31.2%
Ben StillerAnne Meara
27.3%
Sean AstinPatty Duke
27.1%
Celebrity Famous Mother % Correct
Isabella RosselliniIngrid Bergman
24.8%
Anderson CooperGloria Vanderbilt
24.7%
Mariska HargitayJayne Mansfield
20.7%
Melanie GriffithTippi Hedren
18.7%
Larry HagmanMary Martin
16.6%
Miguel FerrerRosemary Clooney
13%
Jason SchwartzmanTalia Shire
11.5%
Rashida JonesPeggy Lipton
10.1%
Joely FisherConnie Stevens
8.6%
Maya RudolphMinnie Riperton
8.2%
Lenny KravitzRoxie Roker
7.9%
Laura DernDiane Ladd
6.8%

You're not logged in!

Compare scores with friends on all Sporcle quizzes.
OR
Log In

Sporcle TV

Today on Sporcle TV


Watch our educational content, quiz creation guides, and fun videos on Sporcle TV.

Show Comments

Extras

Top Quizzes Today


Score Distribution

Your Account Isn't Verified!

In order to create a playlist on Sporcle, you need to verify the email address you used during registration. Go to your Sporcle Settings to finish the process.

Report this User

Report this user for behavior that violates our Community Guidelines.

Details: